Memoria científico-descriptiva de las aguas minero-medicinales de la Favorita de Carabaña (provincia de Madrid) (Record no. 182189)

MARC details
000 -LEADER
campo de control de longitud fija 00593nam a2200145 i 4500
001 - NÚMERO DE CONTROL
campo de control 182189
003 - IDENTIFICADOR DE NÚMERO DE CONTROL
campo de control ES-MaACL
005 - FECHA Y HORA DE LA ÚLTIMA TRANSACCIÓN
campo de control 20230906221542.0
008 - DATOS DE LONGITUD FIJA--INFORMACIÓN GENERAL
campo de control de longitud fija 130624s1884 sp |||| | spa d
245 00 - MENCIÓN DEL TÍTULO
Título Memoria científico-descriptiva de las aguas minero-medicinales de la Favorita de Carabaña (provincia de Madrid)
Resto del título : autorizadas por Real Orden de 11 de diciembre de1883.
260 ## - PUBLICACIÓN, DISTRIBUCIÓN, ETC.
Lugar de publicación, distribución, etc. Madrid] :
Nombre del editor, distribuidor, etc. [s.n.],
Fecha de publicación, distribución, etc. 1884 (
Lugar de fabricación/manufactura Madrid :
Fabricante Tip. de Gutenberg)
300 ## - DESCRIPCIÓN FÍSICA
Extensión 116 p. :
Otras características físicas il. ;
Dimensiones 21 cm.
650 ## - PUNTO DE ACCESO ADICIONAL DE MATERIA--TÉRMINO DE MATERIA
Término de materia o nombre geográfico como elemento de entrada Aguas minerales-
Subdivisión geográfica Madrid (Comunidad Autónoma)
9 (RLIN) 159811
852 ## - LOCALIZACIÓN
Ubicación ES-MaACL
Número de control de estantería T-470-F-12
Holdings
Estatus retirado Estado de pérdida Estado de daño No para préstamo Colección Biblioteca de origen Biblioteca actual Ubicación en estantería Fecha de adquisición Fuente de adquisición Total de préstamos Signatura topográfica completa Código de barras Visto por última vez Precio de reemplazo Tipo de ítem Koha
        Colección de folletos Biblioteca del Ateneo de Madrid Biblioteca del Ateneo de Madrid Depósito folletos 24/06/2013     T-470-F-12 1191459 23/02/2023 23/02/2023 Folleto